000 00691nam a2200181 a 4500
008 120416s1963 ||||||||||||||||| || u
050 _aHC 497.M3 Pol
100 _aSilcock, T. K
245 1 4 _aThe Political economy of independent Malaya
_cedited by T.H. Silcock
246 _aa case study in development
260 _aBerkeley
_bUniversity of California Press
_c1963
300 _axi, 306p. : ill
350 _a0.00
650 _aECONOMIC DEVELOPMENT--MALAYA--CASE STUDIES
650 0 _aECONOMICS
700 _aFisk, Ernest K
995 _D0.00
_FCBU-MAIN LIBRARY (Kitwe)
_H1
_I0.00
_M1
_UAVAILABLE
_ZAnnex Low-Usage Collection
999 _c53911
_d53911